Normal view
MARC view
- De Vanna Umberto
Entry Personal Name
001 - CONTROL NUMBER
- control field: 60934
003 - CONTROL NUMBER IDENTIFIER
- control field:
005 - DATE AND TIME OF LATEST TRANSACTION
- control field: 20240718122738.0
008 - FIXED-LENGTH DATA ELEMENTS
- fixed length control field: 240718|| aca||aabn | a|a d
040 ## - CATALOGING SOURCE
- Original cataloging agency:
- Transcribing agency:
100 ## - HEADING--PERSONAL NAME
- Personal name: De Vanna Umberto
670 ## - SOURCE DATA FOUND
- Source citation: Work cat.: ()210326: De Vanna Umberto, Noi, gli adolescenti belli e fragili, 2009